01398cam a22003497a 4500003000500000005001700005008004100022010001000063011001000073035001000083040000900093090001000102100003600112245016400148260004000312300001900352502011500371590003700486590004100523590004100564590004100605590004200646650003600688650003600724650004700760650002900807901000700836942000900843949004700852999001700899952013200916CHAP20220329141423.0971013s1987 r 00010 d a67862 a68834 a78308 cCHAP aTesis00aGalván Lamas, Roberto.944521 0aEfecto de Globodera rostochiensis (Woll 1923) Mulvey y Stone, 1976. (Nematoda : Heteroderidae) sobre seis variedades de papa (Solanum tuberosum, en invernadero aChapingo, Méx. :bEl autor,c1987 a61 h.b: ilus. aTesis (Ing. Agrónomo Esp. en Parasitología Agrícola) -- UACH. Departamento de Parasitología Agrícola aALEPHb10c20130110lUCH01h1403 aBATCH-UPDb10c20130110lUCH01h0949 aBATCH-UPDb10c20130410lUCH01h0603 aBATCH-UPDb10c20130914lUCH01h1129 aCONVERSIONb10c20130109lUCH01h133714aCultivos en invernadero.93037614aGlobodera rostochiensis.94830414aPapaxEnfermedades por nemátodos.98523014aPapaxVariedades.985300 aBK cFOLL bBCcTESd-31182eTS2fc.2h19945i78308si c67862d67862 00102local4053708TESISaBCbBCcPA_TESISd2019-12-31fTESISl0oTesisp-31182r2019-12-31 00:00:00tc.2w2019-12-31yTESIS